Indonesian Cities by their Dutch Names - Statistics

General Stats
  • This quiz has been taken 35 times
  • The average score is 8 of 15
Answer Stats
Dutch city name Indonesian city name % Correct
Batavia Jakarta
96%
Soerajabaya Surabaya
93%
Bandoeng Bandung
89%
Djambi Jambi
75%
Tjirebon Cirebon
71%
Koepang Kupang
68%
Pasoeroean Pasuruan
64%
Soekaboemi Sukabumi
64%
Benkoelen Bengkulu
50%
Buitenzorg Bogor
43%
Oosthaven Bandar Lampung
36%
De Eerste ProtestanteOrganisatie van Christenen Depok
36%
Hollandia Jayapura
29%
Fort de Kock Bukittinggi
21%
Rapatgebied Gunungsitoli
11%
No matching quizzes found
Score Distribution
Percent of People with Each Score
Percentile by Number Answered
Your Score History
You have not taken this quiz